|
|
|
|
| LEADER |
00000nab a2200000 a 4500 |
| 001 |
vtls000114488 |
| 003 |
SK-MaSNL |
| 005 |
20260303215734.0 |
| 008 |
220422c1981 xo 0 slo |
| 015 |
|
|
|a SNBRA19rr/mm-uuuuu
|
| 035 |
|
|
|a CL0124591
|
| 040 |
|
|
|a SNKBUCL
|b slo
|c SNKBUCL
|e AACR2
|
| 041 |
0 |
|
|a slo
|
| 044 |
|
|
|a xo
|c SK
|
| 080 |
|
|
|a 636.2
|2 1981
|
| 080 |
|
|
|a 619
|2 1981
|
| 080 |
|
|
|a 612.1/.8
|2 1981
|
| 080 |
|
|
|a 618.3
|2 1981
|
| 100 |
1 |
|
|a Pješčak, Mikuláš,
|d 1929-2012
|4 aut
|9 5651
|
| 245 |
1 |
0 |
|a Hladiny vápnika, anorganického fosforu, horčíka, sodíka a draslíka v krvnom sére dojníc v priebehu gravidity
|c M. Pješčák, M. Valent, P. Šťastný
|
| 300 |
|
|
|b Obr. 5. Tb. 7.
|
| 500 |
|
|
|a Res. rus., angl.
|
| 650 |
0 |
7 |
|a mliečny dobytok
|2 snkbucl
|9 67365
|
| 650 |
0 |
7 |
|a krvné sérum
|2 snkbucl
|9 75076
|
| 655 |
|
7 |
|a články zo zborníkov
|2 snkbucl
|9 166140
|
| 700 |
1 |
|
|a Valent, Miroslav,
|d 1946-
|4 aut
|9 38848
|
| 700 |
1 |
|
|a Šťastný, Pavel,
|d 1943-
|4 aut
|
| 773 |
0 |
|
|t Acta zootechnica Universitatis agriculturae Nitra 37
|d Bratislava : Príroda, 1981
|g S. 5-20
|
| 850 |
|
|
|a Slovenská národná knižnica v Martine
|a MTA001
|
| 852 |
|
|
|a SNK
|b KIS3GCP
|
| 958 |
|
|
|a RK
|
| 958 |
|
|
|a ME
|
| 992 |
|
|
|a RZB
|
| 999 |
|
|
|c 2223021
|d 2224951
|